Najnovšie trendy v príleve priamych zahraničných investícií na Slovensko

Najnovšie trendy v príleve PZI na Slovensko. Hodnotenie celkového prílevu PZI na Slovensko v rokoch 2008 a 2009.Analýza trendov v štruktúre prílevu PZI.Analýza pôvodu, odvetvového a regionálneho smerovanie prílevu PZI.

Gespeichert in:
Bibliographische Detailangaben
1. Verfasser: Dudáš, Tomáš, 1976-
Format: Buchkapitel
Sprache:Slowakisch
Schlagworte:
Tags: Tag hinzufügen
Keine Tags, Fügen Sie das erste Tag hinzu!

MARC

LEADER 00000naa a2200000 4500
001 0141573
005 20240502072535.3
041 0 |a slo 
044 |a SK 
245 1 0 |a Najnovšie trendy v príleve priamych zahraničných investícií na Slovensko  |c Tomáš Dudáš 
520 |a Najnovšie trendy v príleve PZI na Slovensko. Hodnotenie celkového prílevu PZI na Slovensko v rokoch 2008 a 2009.Analýza trendov v štruktúre prílevu PZI.Analýza pôvodu, odvetvového a regionálneho smerovanie prílevu PZI. 
610 2 0 |a Slovensko 
610 2 0 |a prognózy 
610 2 0 |a analýza ekonomická 
610 2 0 |a investície priame zahraničné 
100 1 |a Dudáš, Tomáš, 1976-